000 00556nam a2200181Ia 4500
005 20250326141643.0
008 250326s9999 xx 000 0 und d
037 _aTextbook
040 _aFMSL
_beng
_cFMSL
041 _aeng
_2eng
084 _qFMSL
100 _aIndian Society OF Agricultural Economic Bombay
245 0 _aAgricultural development in India ; the next stage
_cIndian Society OF Agricultural Economic Bombay
260 _aBombay
_bBombay, Himalaya Pub. House
_c1988
300 _a207p
942 _cTB
999 _c1291326
_d1291326